| 000 | 00348nam a2200121Ia 4500 | ||
|---|---|---|---|
| 008 | 180116s9999 xx 000 0 und d | ||
| 020 | _a9781285174150 | ||
| 100 | _aRizzo, Donald C. | ||
| 245 |
_cDonald C. Rizzo _aFundamentals of Anatomy and Psysiology / |
||
| 250 | _a4th ed | ||
| 260 |
_aBoston, USA _bCengage Learning _c2016 |
||
| 300 | _a532 pages | ||
| 999 |
_c353249 _d353249 |
||